Central Library OPAC University of Rajshahi

Fourier transforms / (Record no. 51283)

MARC details
000 -LEADER
fixed length control field 00837nam a2200253 a 4500
001 - CONTROL NUMBER
control field 51283
003 - CONTROL NUMBER IDENTIFIER
rucl marc code BD-RjUL
005 - DATE AND TIME OF LATEST TRANSACTION
control field 20211209075633.0
008 - FIXED-LENGTH DATA ELEMENTS--GENERAL INFORMATION
fixed length control field 160830r19651961enka 001 0 eng d
020 ## - INTERNATIONAL STANDARD BOOK NUMBER
International Standard Book Number 052105107X
035 ## - SYSTEM CONTROL NUMBER
System control number (BD-RjUL)51403
040 ## - CATALOGING SOURCE
Original cataloging agency BD-RjUL
Language of cataloging eng
Transcribing agency BD-RjUL
Modifying agency BD-RjUL
041 ## - LANGUAGE CODE
Language code of text/sound track or separate title eng
082 ## - DEWEY DECIMAL CLASSIFICATION NUMBER
Edition number 23
Classification number 515.723
Author mark and year GOF 1965
100 1# - MAIN ENTRY--PERSONAL NAME
Personal name Goldberg, Richard R.
9 (RLIN) 153392
245 10 - TITLE STATEMENT
Title Fourier transforms /
Statement of responsibility, etc. by Richard R. Goldberg.
260 ## - PUBLICATION, DISTRIBUTION, ETC. (IMPRINT)
Place of publication, distribution, etc. Cambridge :
Name of publisher, distributor, etc. Cambridge University Press,
Date of publication, distribution, etc. 1961, [Reprinted 1965].
300 ## - PHYSICAL DESCRIPTION
Pagination viii, 76 p. ;
Size 22 cm.
490 1# - SERIES STATEMENT
Series statement Cambridge tracts in mathematics and mathematical physics ;
Volume/sequential designation no.52
650 #0 - SUBJECT ADDED ENTRY--TOPICAL TERM
Topical term or geographic name as entry element Fourier transformations.
9 (RLIN) 153355
830 #0 - SERIES ADDED ENTRY--UNIFORM TITLE
Uniform title Cambridge tracts in mathematics and mathematical physics ;
Volume number/sequential designation no.52
942 ## - ADDED ENTRY ELEMENTS (KOHA)
Source of classification or shelving scheme Dewey Decimal Classification
Koha item type Books
Holdings
Lost status Source of classification or shelving scheme Damaged status Not for loan Collection code Permanent Location Current Location Shelving location Date acquired Source of acquisition Cost, normal purchase price Total Checkouts Full call number Date last seen Copy number Koha item type
  Dewey Decimal Classification     Non-fiction Central Library, University of Rajshahi Central Library, University of Rajshahi   21/10/1969 Zeitlinger 25.00   515.723 GOF 1965 30/08/2016 C-2 Books